| 000 | 00673nam a2200217Ii 4500 | ||
|---|---|---|---|
| 003 | JO-AjNU | ||
| 008 | 230605s9999||||xx |||||||||||||| ||und|| | ||
| 017 | _a2001/4958 | ||
| 020 | _a977-208-330-2 | ||
| 040 |
_aJO-AjNU _bara _erda _cJO-AjNU |
||
| 041 | _aara | ||
| 050 | 1 | 4 | _aPJ7862 2002 |
| 100 | 3 |
_aتأليف الديب،عماد, _eauthor _99002 |
|
| 245 | 0 | 0 | _aمذكرات طبيب شرعي |
| 264 | 3 | 1 | _aالقاهرة:مكتبة مدبولي،2002 |
| 300 | _a151ص | ||
| 336 |
_atext _btxt _2rdacontent |
||
| 337 |
_aunmediated _bn _2rdamedia |
||
| 338 |
_avolume _bnc _2rdacarrier |
||
| 650 | 4 |
_aالأدب العربي - قصص واقعية - مذكرات _99003 |
|
| 999 |
_aA1077 _c4645 _d4645 |
||